000 00538nam a22001817a 4500
005 20260416145125.0
008 260416b |||||||| |||| 00| 0 eng d
020 _a978-0-521-89307-7
050 _aQE 5001 .F69 2005
100 _aFOWLER, C.M.R.
245 _aTHE SOLID EARTH AN INTODUCTION TO GLOBAL GEOPHYSICS
250 _a2ND
260 _aCAMBRIDGE
_bCAMBRIDGE UNIVERSITY PRESS
_c2005
300 _axiii,666P.ILL
500 _aINCLUDES BIBLIOGRAPHICAL REFERENCES AND INDEX
650 _aGEOPHYISICS , EARTH
942 _2lcc
_cBK
999 _c216990
_d216990